000 00927nam a2200253 i 4500
001 bgj
100 1 _aPARROTT, Martin
245 1 0 _aTasks for Language Teachers :
_ba resource book for training and development /
_cMartin Parrott.
250 _a[Repr.].
260 _aCambridge [etc.] :
_bCambridge University Press,
_c1993.
300 _aIX, 325 pp ;
_c23 cm.
490 1 _aCambridge Teacher Training and Development / Ruth Gairns and Marion Williams, general editors
504 _aBibliography p. 318-320.
505 _aIncludes index.
650 9 _aLanguage teachers
_xTraining of
650 9 _aLanguage and languages
_xStudy and teaching
830 0 _aCambridge Teacher Training and Development (Ruth Gairns and Marion Williams, general editors)
020 _a0521426669 (pbk)
040 _cBPK
041 0 _aeng
920 _a0-521-42666-9 (pbk)
942 _cKS
008 s uk f |000 0 eng
999 _c47756
_d47756
856 _uhttp://koha.tu.koszalin.pl/cgi-bin/koha/opac-detail.pl?biblionumber=47756
_yKatalog online BPK